Analysis of carbon isotopes, determination of ground-water age, and estimated characteristics of the contaminant source at two fuel-spill plumes, western Cape Cod, Massachusetts, 1996 /

Bibliographic Details
Main Author: Savoie, Jennifer
Corporate Authors: United States. National Guard Bureau, Geological Survey (U.S.)
Format: Government Document Book
Language:English
Published: Northborough, Mass. : U.S. Dept. of the Interior, U.S. Geological Survey ; 1999.
Series:Water-resources investigations report ; 98-4112.
Subjects:

MARC

Tag First Indicator Second Indicator Subfields
LEADER 00000cam a22000007a 4500
001 in00000004098
005 20151007051330.0
008 990610s1999 mauab b f000 0 eng d
035 |a (OCoLC)41516602 
035 |9 AJH8567AM 
040 |d GPO  |d DLC  |d MvI  |d UtOrBLW 
043 |a n-us-ma 
049 |a UDOC 
074 |a 0624-B 
086 0 |a I 19.42/4:98-4112 
100 1 |a Savoie, Jennifer. 
245 1 0 |a Analysis of carbon isotopes, determination of ground-water age, and estimated characteristics of the contaminant source at two fuel-spill plumes, western Cape Cod, Massachusetts, 1996 /  |c by Jennifer G. Savoie ; prepared in cooperation with the National Guard Bureau. 
264 1 |a Northborough, Mass. :  |b U.S. Dept. of the Interior, U.S. Geological Survey ;  |c 1999. 
264 2 |a Denver, CO :  |b Information Services [distributor], 
300 |a iv, 21 pages :  |b illustrations, maps ;  |c 28 cm. 
336 |a text  |b txt  |2 rdacontent 
337 |a unmediated  |b n  |2 rdamedia 
338 |a volume  |b nc  |2 rdacarrier 
490 1 |a Water-resources investigations report ;  |v 98-4112 
500 |a Shipping list number: 99-0270-P. 
504 |a Includes bibliographical references (pages 20-21). 
650 0 |a Oil pollution of water  |z Massachusetts  |z Cape Cod. 
650 0 |a Carbon  |x Isotopes  |x Environmental aspects  |z Massachusetts  |z Cape Cod. 
650 0 |a Groundwater  |x Pollution  |z Massachusetts  |z Cape Cod. 
710 1 |a United States.  |b National Guard Bureau. 
710 2 |a Geological Survey (U.S.) 
830 0 |a Water-resources investigations report ;  |v 98-4112. 
999 |a MARS 
999 f f |s e196210b-d21f-3f81-807f-c63e005753fc  |i cdef3c84-ce1e-37d0-b95e-674001ed03da  |t 0 
952 f f |p normal  |a Texas A&M University  |b College Station  |c Sterling C. Evans Library  |d Evans: US Documents (Annex 5th floor)  |t 0  |e I 19.42/4:98-4112  |h Superintendent of Documents classification  |i unmediated -- volume  |m A14824516494 
998 f f |a I 19.42/4:98-4112  |t 0  |l Evans: US Documents (Annex 5th floor)